000 nam a22 7a 4500
999 _c329209
_d329209
003 Nust
005 20170426161903.0
008 170426b xxu||||| |||| 00| 0 eng d
040 _cDLC
082 _a342.023 ABU
100 _aعلامہ ابوالفصنل
245 _aآئین اکبری
300 _a1568p. :
942 _2ddc
_cBK